The 1975 - If I Believe You - Statistics

General Stats
  • This quiz has been taken 28 times
  • The average score is 240 of 284
Answer Stats
Answer % Correct
a
100%
an
100%
be
100%
believe
100%
have
100%
I
100%
if
100%
If
100%
it
100%
made
100%
make
100%
me
100%
probably
100%
shouldn't
100%
that
100%
you
100%
You
100%
And
93%
and
93%
asking
93%
atheist
93%
begging
93%
bleeding
93%
broken
93%
for
93%
go
93%
help
93%
I'm
93%
Is
93%
is
93%
Jesus
93%
need
93%
show
93%
stop?
93%
to
93%
told
93%
want?
93%
what
93%
your
93%
don't
87%
evangelist
87%
hell
87%
in
87%
I've
87%
just
87%
know
87%
my
87%
the
87%
was
87%
Will
87%
yourself
87%
being
80%
But
80%
find
80%
got
80%
infected
80%
It's
80%
lost
80%
(Lost
80%
of
80%
pathetic
80%
then
80%
Then
80%
wanna
80%
alone
73%
bed
73%
better
73%
had
73%
head
73%
head)
73%
how
73%
kiss
73%
lesbian
73%
like
73%
met
73%
myself?
73%
oh
73%
once
73%
or
73%
selling
73%
start
73%
this
73%
thought
73%
toss
73%
turn
73%
twice
73%
body
67%
can
67%
I'd
67%
I'll
67%
insist
67%
mind
67%
revelation
67%
universe
67%
because
60%
child
60%
God
60%
hole
60%
nice
60%
petrified
60%
primary
60%
shaped
60%
Showing
60%
were
60%
consciousness
53%
mean
53%
up
53%
dabs
47%
now
47%
opening
47%
Yeah
47%
yeah
47%
That's
40%
Miss
33%
No matching quizzes found
Score Distribution
Percent of People with Each Score
Percentile by Number Answered
Your Score History
You have not taken this quiz